| 000 | 00642nam a22002177a 4500 | ||
|---|---|---|---|
| 005 | 20200229135000.0 | ||
| 008 | 200229b xxu||||| |||| 00| 0 eng d | ||
| 020 |
_a9780670091690 _cRs 699 |
||
| 040 | _beng | ||
| 041 | _aEnglish | ||
| 082 |
_a320.954 _bDAS |
||
| 100 | _aDasgupta, Swapan | ||
| 245 |
_aAwakening Bharat Mata _bThe political beliefs of the Indian Right _cSwapan Dasgupta |
||
| 260 |
_aGurgaon _bPenguin Random House _c2019 |
||
| 300 |
_axv,428p _b24 cm |
||
| 504 | _aIncludes bibliographical references and index | ||
| 650 |
_aPolitics _zIndia |
||
| 650 | _aRight wing politics in India | ||
| 850 | _aLCLIB | ||
| 942 | _cBK | ||
| 999 |
_c42591 _d93070 |
||